Southville International School and Colleges
Your cart is empty.
  • Cart
  • Lists
    Public lists Eva Luna New books Lux_list list_1
    Your lists Log in to create your own lists
  • Log in to your account
  • Your cookies
  • Search history
Southville International School and Colleges
  • Advanced search
  • Recent comments
  • Most popular
  • Libraries

Log in to your account

Log in with GOOGLE


If you do not have an external account, but do have a local account, you can still log in:

  1. Home
  2. MARC view: Strategic management :
Normal view MARC view ISBD view

Strategic management : (Record no. 283703)

[ view plain ]
MARC details
000 -LEADER
fixed length control field 00971cam a2200265 a 4500
003 - CONTROL NUMBER IDENTIFIER
control field PILC
005 - DATE AND TIME OF LATEST TRANSACTION
control field 20150303154126.0
008 - FIXED-LENGTH DATA ELEMENTS--GENERAL INFORMATION
fixed length control field 070816s2008 mauab b 001 0 eng
020 ## - INTERNATIONAL STANDARD BOOK NUMBER
International Standard Book Number 0073404981
050 00 - LIBRARY OF CONGRESS CALL NUMBER
Classification number HD 30.28
Item number .D48 2012
100 1# - MAIN ENTRY--PERSONAL NAME
Personal name Dess, Gregory G.
245 10 - TITLE STATEMENT
Title Strategic management :
Remainder of title text and cases /
Statement of responsibility, etc Gregory G. Dess, G.T. Lumpkin, Alan B. Eisner.
250 ## - EDITION STATEMENT
Remainder of edition statement Global ed.
260 ## - PUBLICATION, DISTRIBUTION, ETC. (IMPRINT)
Place of publication, distribution, etc Boston, Mass :
Name of publisher, distributor, etc McGraw-Hill/Irwin,
Date of publication, distribution, etc c2012.
300 ## - PHYSICAL DESCRIPTION
Extent 1 v. (various pagings) :
Other physical details illustrations ;
Dimensions 25 cm.
500 ## - GENERAL NOTE
General note Supplement title: Strategy and policy.
521 ## - TARGET AUDIENCE NOTE
Target audience note Business Administration
650 #0 - SUBJECT ADDED ENTRY--TOPICAL TERM
Topical term or geographic name as entry element Strategic planning.
700 1# - ADDED ENTRY--PERSONAL NAME
Personal name Lumpkin, G. T.
700 1# - ADDED ENTRY--PERSONAL NAME
Personal name Eisner, Alan B.
740 ## - ADDED ENTRY--UNCONTROLLED RELATED/ANALYTICAL TITLE
Uncontrolled related/analytical title Strategy and policy.
856 41 - ELECTRONIC LOCATION AND ACCESS
Materials specified Table of contents only
Uniform Resource Identifier <a href="http://www.loc.gov/catdir/enhancements/fy0743/2007034045-t.html">http://www.loc.gov/catdir/enhancements/fy0743/2007034045-t.html</a>
856 42 - ELECTRONIC LOCATION AND ACCESS
Materials specified Publisher description
Uniform Resource Identifier <a href="http://www.loc.gov/catdir/enhancements/fy0743/2007034045-d.html">http://www.loc.gov/catdir/enhancements/fy0743/2007034045-d.html</a>
942 ## - ADDED ENTRY ELEMENTS (KOHA)
Source of classification or shelving scheme Library of Congress Classification
Koha item type Books
Holdings
Withdrawn status Lost status Source of classification or shelving scheme Damaged status Home library Current library Shelving location Date acquired Source of acquisition Sub Shelving location Total Checkouts Total Renewals Full call number Barcode Date last seen Date checked out Price effective from Koha item type
    Library of Congress Classification   College Library College Library Filipiniana Section 03/03/2015 Library Fund   1 12 HD 30.28 .D48 2012 C19140 09/29/2018 06/29/2018 03/03/2015 Books

Strategic management :

APA

Dess G. G., Lumpkin G. T. & Eisner A. B. (2012). Strategic management. Boston, Mass: McGraw-Hill/Irwin.

Chicago

Dess Gregory G, Lumpkin G T and Eisner Alan B. 2012. Strategic management. Boston, Mass: McGraw-Hill/Irwin.

Harvard

Dess G. G., Lumpkin G. T. and Eisner A. B. (2012). Strategic management. Boston, Mass: McGraw-Hill/Irwin.

MLA

Dess Gregory G, Lumpkin G T and Eisner Alan B. Strategic management. Boston, Mass: McGraw-Hill/Irwin. 2012.

  • Place hold
  • Print
  • Cite
  • Add to your cart (remove)
  • Save record
    BIBTEX Dublin Core MARCXML MARC (non-Unicode/MARC-8) MARC (Unicode/UTF-8) MARC (Unicode/UTF-8, Standard) MODS (XML) RIS
  • More searches
    Search for this title in:
    Other Libraries (WorldCat) Other Databases (Google Scholar) Online Stores (Bookfinder.com) Open Library (openlibrary.org)

Exporting to Dublin Core...

SOUTHVILLE LIBRARY

Southville International School and Colleges Library

1281 Tropical Ave. Cor. Luxembourg St., BF Homes International, Las Pinas City

Tel. No. 8256374 / 252358 Loc. 117/146

Powered by Koha